Repúblicas, naciones y tribus
Shranjeno v:
| Glavni avtor: | |
|---|---|
| Format: | Knjiga |
| Jezik: | španščina |
| Izdano: |
Gijón
Trea
1999
|
| Izdaja: | 1a. ed |
| Serija: | Letras Historia, 4
|
| Teme: | |
| Oznake: |
Označite
Brez oznak, prvi označite!
|
MARC
| LEADER | 00000nam a2200000 a 4500 | ||
|---|---|---|---|
| 001 | UCI5701 | ||
| 003 | CL-VaPUC | ||
| 008 | 080404e19990000SP |||||||||||||||||spa|d | ||
| 020 | |a 8495178214 | ||
| 082 | 0 | 4 | |a 320.54 |b THO |2 21 |
| 100 | 0 | |a Thom, Martín |e author |9 528274 | |
| 245 | 1 | 0 | |a Repúblicas, naciones y tribus |
| 250 | |a 1a. ed | ||
| 300 | |a 422 p | ||
| 942 | |c BK | ||
| 945 | |d 20080404 00:00:00 |a jtorresc | ||
| 260 | |a Gijón |b Trea |c 1999 | ||
| 650 | 7 | |a NACIONALISMO |2 CL-VaPUC |9 528275 | |
| 650 | 0 | |a Política y gobierno |9 255151 | |
| 650 | 0 | |a Ciencias Políticas |9 255201 | |
| 650 | 7 | |a SIGLOS 19-20 |2 CL-VaPUC |9 267705 | |
| 650 | 0 | |a Historia de Europa |9 392003 | |
| 583 | |a last modification |c 20080404 00:00:00 |k Rodrigo Vera | ||
| 490 | 0 | |a Letras Historia, 4 | |
| 999 | |c 329422 |d 329420 | ||
| 952 | |0 0 |1 0 |4 0 |6 320_540000000000000_THO_1999 |7 0 |8 A |9 414030 |a BIBHIS |b BIBHIS |d 2019-11-22 |i 4423917 |o 320.54 THO 1999 |p 4423917 |r 2025-01-20 |w 2019-11-22 |y BK |k HIS | ||